Southville International School and Colleges
Your cart is empty.
  • Cart
  • Lists
    Public lists Eva Luna New books Lux_list list_1
    Your lists Log in to create your own lists
  • Log in to your account
  • Your cookies
  • Search history
Southville International School and Colleges
  • Advanced search
  • Recent comments
  • Most popular
  • Libraries

Log in to your account

Log in with GOOGLE


If you do not have an external account, but do have a local account, you can still log in:

  1. Home
  2. MARC view: Eden burning /
Normal view MARC view ISBD view

Eden burning / (Record no. 288606)

[ view plain ]
MARC details
000 -LEADER
fixed length control field 00617cam a2200217 a 4500
003 - CONTROL NUMBER IDENTIFIER
control field PILC
005 - DATE AND TIME OF LATEST TRANSACTION
control field 20150904084431.0
008 - FIXED-LENGTH DATA ELEMENTS--GENERAL INFORMATION
fixed length control field 021011s2002 nyu 000 1 eng d
010 ## - LIBRARY OF CONGRESS CONTROL NUMBER
LC control number 2002513243
020 ## - INTERNATIONAL STANDARD BOOK NUMBER
International Standard Book Number 0380789957
050 00 - LIBRARY OF CONGRESS CALL NUMBER
Classification number PS 3562.O8847
Item number .Ed34 2002
100 1# - MAIN ENTRY--PERSONAL NAME
Personal name Lowell, Elizabeth,
Dates associated with a name 1944-
245 10 - TITLE STATEMENT
Title Eden burning /
Statement of responsibility, etc Elizabeth Lowell.
260 ## - PUBLICATION, DISTRIBUTION, ETC. (IMPRINT)
Place of publication, distribution, etc New York :
Name of publisher, distributor, etc Avon Books,
Date of publication, distribution, etc 2002.
300 ## - PHYSICAL DESCRIPTION
Extent 372 pages ;
Dimensions 18 cm.
500 ## - GENERAL NOTE
General note "A classic love story"--Cover.
650 #0 - SUBJECT ADDED ENTRY--TOPICAL TERM
Topical term or geographic name as entry element Volcanologists
Form subdivision Fiction.
650 #0 - SUBJECT ADDED ENTRY--TOPICAL TERM
Topical term or geographic name as entry element Women dancers
Form subdivision Fiction.
651 #0 - SUBJECT ADDED ENTRY--GEOGRAPHIC NAME
Geographic name Hawaii
Form subdivision Fiction.
942 ## - ADDED ENTRY ELEMENTS (KOHA)
Source of classification or shelving scheme Library of Congress Classification
Koha item type Books
Call number prefix Foreign
Holdings
Withdrawn status Lost status Source of classification or shelving scheme Damaged status Home library Current library Shelving location Date acquired Source of acquisition Sub Shelving location Total Checkouts Full call number Barcode Date last seen Price effective from Koha item type
    Library of Congress Classification   College Library College Library Fiction Section 09/04/2015 Donation     PS 3562.O8847 .Ed34 2002 C19914 05/08/2018 09/04/2015 Books

Eden burning /

APA

Lowell E., . (2002). Eden burning. New York: Avon Books.

Chicago

Lowell Elizabeth, . 2002. Eden burning. New York: Avon Books.

Harvard

Lowell E., . (2002). Eden burning. New York: Avon Books.

MLA

Lowell Elizabeth, . Eden burning. New York: Avon Books. 2002.

  • Place hold
  • Print
  • Cite
  • Add to your cart (remove)
  • Save record
    BIBTEX Dublin Core MARCXML MARC (non-Unicode/MARC-8) MARC (Unicode/UTF-8) MARC (Unicode/UTF-8, Standard) MODS (XML) RIS
  • More searches
    Search for this title in:
    Other Libraries (WorldCat) Other Databases (Google Scholar) Online Stores (Bookfinder.com) Open Library (openlibrary.org)

Exporting to Dublin Core...

SOUTHVILLE LIBRARY

Southville International School and Colleges Library

1281 Tropical Ave. Cor. Luxembourg St., BF Homes International, Las Pinas City

Tel. No. 8256374 / 252358 Loc. 117/146

Powered by Koha